Statystyki dla Wymień Reprezentantów Polski W Konkursie Eurowizji

Kliknij tutaj aby rozwiązać quiz!

Ogólne statystyki

  • Ten quiz został rozwiązany 41 razy
  • Średni wynik to 8 z 15

Statystyki odpowiedzi

HintOdpowiedź% Poprawnych
20148Donatan i Cleo
95%
20166Michał Szpak
85%
20212Rafał Brzozowski
85%
200614Ich Troje
77%
20221Krystian Ochman
72%
20175Kasia Moś
64%
20119Magdalena Tul
59%
20193Tulia
51%
20157Monika Kuszyńska
38%
200812Isis Gee
33%
20184Gromee i Lukas Meijer
31%
200911Lidia Kopania
28%
200713The Jet Set
28%
200515Ivan i Delfin
26%
201010Marcin Mroziński
26%

Rozkład punktacji

Percentyl według liczby udzielonych odpowiedzi

Procent ludzi z każdym wynikiem

Twoja historia wyników

Nie rozwiązałeś tego quizu